000 00544nam a22002177a 4500
003 UA-OsUOA
001 64030
007 ta
008 20091027b un ||||| |||| 00| 0 ukr d
100 _aДорошенко І.
090 _a330
_bД69
942 _cSA
040 _aUA-OsUOA
_bukr
_cUA-OsUOA
_dUA-OsUOA
245 _aКриза на ринках фінансового капіталу
300 _aС.41-54
955 _a0
041 _aukr
080 _a330
773 0 _w64029
650 7 _a330 Економіка взагалі
_2UDC
999 _c350136
_d350136